000 00659nam a2200241Ia 4500
003 OSt
005 20220918222948.0
006 a|||||r|||| 00| 0
007 ta
008 220917b |||||||| |||| 00| 0 eng d
024 _a219,631
037 _cTextual
040 _aARTS
_cARTS
_beng
041 _2eng
_aeng
082 _aXM2y7611, L9
100 _aCoulson Andrew Ed.
_9131325
245 0 _aArfican Socialism in Practice
_bThe Tanzanian exprience
260 _aNotingham
_bSpokesman
_c1979
300 _a239p.
_ccm.
650 _aECONOMICS
942 _hXM2y7611, L9
_cTEXL
_2CC
999 _c276947
_d276947